01573nam a2200277 a 450000100100000000500170001000800410002704000250006808200150009311000860010824500970019426000810029130000210037249000150039350000730040870000240048170000320050570000250053783000220056295202060058495201280079095201280091895201130104695201190115999900170127800002676220240318114955.0110325s1989 dr r 000 0 spa d aDO-SdBNPbspacBNPHU axxxxbI59p2 aInstituto de Estudios de Población y Desarrollo (República Dominicana)97039310aPoblación y condición de la mujer en República Dominicana /cIsis Duarte... [et. al.]. aSanto Domingo :bInstituto de Estudios de Población y Desarrollo,c[1989]. a170 p. ;c29 cm.1 aEstudiov6 aIncluye referencias bibliográficas y notas al pie de las páginas1 aBáez, Clara994671 aGómez, Carmen Julia920771 aAriza, Marina936597 0aEstudion6953868 001054708DSaGRbGRcHDd2013-06-21iLF1l0oxxxx I59pp26762-30r2020-06-25te. 3w2020-06-25yLFDSzPerteneció a la biblioteca personal de Chiqui Vicioso / Fidelio Despradel.ZPréstamo en sala 001054708DSaGRbGRcHDd2013-06-21iLF1l0oxxxx I59pp26762-40r2020-06-25te. 4w2020-06-25yLFDSZPréstamo en sala 001054708DSaGRbGRcHDd2015-08-13iLF1l0oxxxx I59pp26762-50r2020-06-25te. 5w2020-06-25yLFDSZPréstamo en sala 0010718PDaPDbPDcHDd2011-03-25iLF1l0oxxxx I59pp26762-10r2020-06-25w2020-06-25yLFPDZNo se presta 0010718PDaPDbPDcHDd2013-05-07iLF1l0oxxxx I59pp26762-20r2020-06-25te. 2w2020-06-25yLFPDZNo se presta c26254d26254